Central Library OPAC University of Rajshahi

Introduction to computers and information processing / (Record no. 66978)

MARC details
000 -LEADER
fixed length control field 00820nam a2200265 a 4500
001 - CONTROL NUMBER
control field 66978
003 - CONTROL NUMBER IDENTIFIER
rucl marc code BD-RjUL
005 - DATE AND TIME OF LATEST TRANSACTION
control field 20211209081613.0
008 - FIXED-LENGTH DATA ELEMENTS--GENERAL INFORMATION
fixed length control field 170221s1980 vaua b 001 0 eng
020 ## - INTERNATIONAL STANDARD BOOK NUMBER
International Standard Book Number 083593151X
035 ## - SYSTEM CONTROL NUMBER
System control number (BD-RjUL)67109
040 ## - CATALOGING SOURCE
Original cataloging agency DLC
Transcribing agency DLC
Modifying agency BD-RjUL
Language of cataloging eng
041 ## - LANGUAGE CODE
Language code of text/sound track or separate title eng
082 00 - DEWEY DECIMAL CLASSIFICATION NUMBER
Classification number 004
Edition number 23
Author mark and year CAI 1980
100 1# - MAIN ENTRY--PERSONAL NAME
Personal name Cassel, Don,
Dates associated with a name 1942-
9 (RLIN) 198342
245 10 - TITLE STATEMENT
Title Introduction to computers and information processing /
Statement of responsibility, etc. Don Cassel and Martin Jackson.
260 ## - PUBLICATION, DISTRIBUTION, ETC. (IMPRINT)
Place of publication, distribution, etc. Reston, Va. :
Name of publisher, distributor, etc. Reston Pub. Co.,
Date of publication, distribution, etc. c1980.
300 ## - PHYSICAL DESCRIPTION
Pagination xv, 525 p. :
Illustrations ill. ;
Size 25 cm.
504 ## - BIBLIOGRAPHY, ETC. NOTE
Bibliography, etc Includes bibliographies and index.
650 #0 - SUBJECT ADDED ENTRY--TOPICAL TERM
Topical term or geographic name as entry element Computers.
9 (RLIN) 198343
Topical term or geographic name as entry element Electronic data processing.
9 (RLIN) 198344
700 1# - ADDED ENTRY--PERSONAL NAME
Personal name Jackson, Martin,
Relator term joint author.
942 ## - ADDED ENTRY ELEMENTS (KOHA)
Source of classification or shelving scheme Dewey Decimal Classification
Koha item type Books
Holdings
Lost status Source of classification or shelving scheme Damaged status Not for loan Collection code Permanent Location Current Location Shelving location Date acquired Source of acquisition Total Checkouts Full call number Date last seen Copy number Koha item type
  Dewey Decimal Classification   Not For Loan Non-fiction Central Library, University of Rajshahi Central Library, University of Rajshahi Reading Room 15/07/1987 Asia Foundation   004 CAI 1980 22/03/2017 C-1 Books